000 00575nam a2200229Ia 4500
003 OSt
005 20221005123519.0
006 a|||||r|||| 00| 0
007 ta
008 221004b |||||||| |||| 00| 0 eng d
024 _a70618
037 _cTextual
040 _aCRL
_cCRL
_beng
041 _2eng
_aeng
082 _aY1:351.73, K1
100 _aEditors of Life
_952908
245 0 _aLife treasury of American folklore
260 _c1961
650 _aSOCIOLOGY
942 _hY1:351.73, K1
_cTEXL
_2cc
999 _c1047654
_d1047654